Music Quiz

Random Music or Song Quiz
Score 0/29 Timer 07:00
0 Plays Today
DOUBLE LETTERS NAME % Correct
NNJohnny Cash
84%
EEBruce Springsteen
84%
LLPhil Collins
76%
LLBilly Idol
64%
SSKiss
64%
EEGreen Day
64%
OOFoo Fighters
56%
NNGlenn Frey
56%
PPDef Leppard
56%
FF - MM - TTJimmy Buffett
56%
LLBilly Joel
52%
EE - EEBee Gees
52%
ZZ Ozzy Osbourne
48%
DD - BB - TTEddie Rabbitt
48%
DDFreddie Mercury
44%
DOUBLE LETTERS NAME % Correct
FFJefferson Starship
40%
RRGeorge Harrison
36%
RRChuck Berry
32%
RRRingo Starr
32%
NNJohn Lennon
32%
OODoobie Brothers
32%
AA - LLAaron Neville
32%
XXThe Fixx
32%
OOAlice Cooper
28%
GG - EEPeggy Lee
24%
EEThree Dog Night
12%
RR & LLPharrell Williams
4%
LLWillie Nelson
4%
GGMick Jagger
4%
Remove Ads.
Support Sporcle.
Get the best of Sporcle when you Go Orange. This ad-free experience offers more features, more stats, and more fun while also helping to support Sporcle. Thank you for becoming a member.

You're not logged in!

Compare scores with friends on all Sporcle quizzes.
OR
Log In

Show Comments

Extras

Created Dec 14, 2018ReportNominateIcon Source: Google
Tags:Letter Quiz, Song Quiz, double

Top Quizzes Today


Score Distribution

Your Account Isn't Verified!

In order to create a playlist on Sporcle, you need to verify the email address you used during registration. Go to your Sporcle Settings to finish the process.

Report this User

Report this user for behavior that violates our Community Guidelines.

Details: